BSOP header

Master of love and mercy : (Record no. 21137)

MARC details
000 -LEADER
fixed length control field 00575nam a2200157 4500
008 - FIXED-LENGTH DATA ELEMENTS--GENERAL INFORMATION
fixed length control field 040906s2002 ch a 000 0beng
020 ## - INTERNATIONAL STANDARD BOOK NUMBER
International Standard Book Number 9578444451 :Php650
090 ## - LOCALLY ASSIGNED LC-TYPE CALL NUMBER (OCLC); LOCAL CALL NUMBER (OCLC)
Classification number (OCLC) (R) ; Classification number, CALL (RLIN) (NR) BQ946.E547
Local cutter number (OCLC) ; Book number/undivided call number, CALL (RLIN) C44m
100 1# - MAIN ENTRY--PERSONAL NAME
Personal name Ching, Yu-ing.
245 10 - TITLE STATEMENT
Title Master of love and mercy :
Remainder of title Cheng yen /
Statement of responsibility, etc by Yu-ing Ching.
260 ## - PUBLICATION, DISTRIBUTION, ETC. (IMPRINT)
Place of publication, distribution, etc Taipei :
Name of publisher, distributor, etc Still thoughts Cultural Publishing Co.,
Date of publication, distribution, etc 2002.
300 ## - PHYSICAL DESCRIPTION
Extent ix, 278 p. :
Other physical details ill. ;
Dimensions 24 cm.
600 14 - SUBJECT ADDED ENTRY--PERSONAL NAME
Personal name Cheng-yen, Shih.
650 #4 - SUBJECT ADDED ENTRY--TOPICAL TERM
Topical term or geographic name as entry element Women Buddhist priests
Geographic subdivision Taiwan
General subdivision Biography.
951 ## - EQUIVALENCE OR CROSS-REFERENCE-GEOGRAPHIC NAME/AREA NAME [OBSOLETE] [CAN/MARC only]
General subdivision 00029567
951 ## - EQUIVALENCE OR CROSS-REFERENCE-GEOGRAPHIC NAME/AREA NAME [OBSOLETE] [CAN/MARC only]
-- 27561
-- BQ946.E547/C44m
-- 070613111414921
-- 2000-12-21
-- REF
Holdings
Withdrawn status Lost status Damaged status Not for loan Home library Current library Shelving location Date acquired Accession number Shelving control number Total Checkouts Full call number Barcode Date last seen Price effective from Koha item type
        BSOP Library BSOP Library Reference 12/21/2000 27561 127   BQ946.E547/C44m 00029567 02/23/2013 02/23/2013 Books
BSOP

Biblical Seminary of the Philippines
  All rights Reserved
  © 2024

CONTACT INFORMATION

Biblical Seminary of the Philippines,
  77-B Karuhatan Road, Valenzuela City,
  PHILIPPINES 1441
  Phone: +632 8292-6795 / 8292-6798
  Fax : +632 8292-6675
  Email: library@bsop.edu.ph